[Event "Marianske Lazne 2023"]
[Site "?"]
[Date "2023.01.17"]
[Round "5.17"]
[White "Kristoferitsch, Daniel"]
[Black "Ocelak, Jakub"]
[Result "0-1"]
[BlackElo "2105"]
[WhiteElo "2295"]
[LiveChessVersion "1.4.8"]

1. d4 {[%clk 1:30:25]} Nf6 {[%clk 1:30:48]} 2. c4 {[%clk 1:30:46]} g6
{[%clk 1:31:11]} 3. Nc3 {[%clk 1:31:10]} Bg7 {[%clk 1:31:37]} 4. e4
{[%clk 1:31:33]} d6 {[%clk 1:32:05]} 5. Nf3 {[%clk 1:31:56]} O-O {[%clk 1:32:30]}
6. Be2 {[%clk 1:32:20]} e5 {[%clk 1:32:56]} 7. O-O {[%clk 1:32:42]} exd4
{[%clk 1:33:23]} 8. Nxd4 {[%clk 1:33:04]} Re8 {[%clk 1:33:50]} 9. f3
{[%clk 1:32:58]} c6 {[%clk 1:34:14]} 10. Kh1 {[%clk 1:31:05]} Nbd7
{[%clk 1:34:39]} 11. Be3 {[%clk 1:27:43]} Nb6 {[%clk 1:35:02]} 12. Qd2
{[%clk 1:23:39]} d5 {[%clk 1:35:29]} 13. exd5 {[%clk 1:15:01]} cxd5
{[%clk 1:35:57]} 14. c5 {[%clk 1:11:59]} Nc4 {[%clk 1:36:24]} 15. Bxc4
{[%clk 1:12:16]} dxc4 {[%clk 1:36:52]} 16. Ndb5 {[%clk 1:09:53]} Bf5
{[%clk 1:18:48]} 17. Nd6 {[%clk 1:06:44]} Re7 {[%clk 1:19:12]} 18. Nxf5
{[%clk 1:02:36]} gxf5 {[%clk 1:19:35]} 19. Qf2 {[%clk 1:02:29]} Re6
{[%clk 0:53:01]} 20. Rad1 {[%clk 0:57:04]} Qe8 {[%clk 0:49:36]} 21. Bg5
{[%clk 0:49:31]} Qc6 {[%clk 0:46:46]} 22. Ne2 {[%clk 0:40:53]} Nd5
{[%clk 0:31:58]} 23. Nd4 {[%clk 0:26:03]} Qxc5 {[%clk 0:32:19]} 24. Nxe6
{[%clk 0:26:28]} Qxf2 {[%clk 0:32:42]} 25. Rxf2 {[%clk 0:26:54]} fxe6
{[%clk 0:33:06]} 26. a4 {[%clk 0:24:02]} h6 {[%clk 0:29:24]} 27. Bh4
{[%clk 0:22:37]} Rc8 {[%clk 0:27:17]} 28. Rc1 {[%clk 0:22:05]} a6
{[%clk 0:16:43]} 29. a5 {[%clk 0:21:32]} Rc5 {[%clk 0:04:51]} 30. Bd8
{[%clk 0:19:18]} Bd4 {[%clk 0:03:37]} 31. Rfc2 {[%clk 0:17:51]} Ne3
{[%clk 0:03:52]} 32. Rd2 {[%clk 0:13:10]} Rd5 {[%clk 0:04:17]} 33. Bc7
{[%clk 0:09:53]} Bc5 {[%clk 0:01:04]} 34. Re2 {[%clk 0:08:25]} e5
{[%clk 0:01:05]} 35. g3 {[%clk 0:08:40]} Kf7 {[%clk 0:01:00]} 36. f4
{[%clk 0:07:17]} e4 {[%clk 0:01:07]} 37. h3 {[%clk 0:03:28]} Rd3 {[%clk 0:01:00]}
38. Be5 {[%clk 0:03:23]} Ke6 {[%clk 0:01:18]} 39. Bc3 {[%clk 0:02:08]} Nd1
{[%clk 0:00:45]} 40. Be1 {[%clk 0:00:36]} Kd5 {[%clk 0:00:43]} 41. Kh2
{[%clk 0:25:10]} Bd4 {[%clk 0:27:12]} 42. Rb1 {[%clk 0:20:13]} h5
{[%clk 0:20:32]} 43. Rc2 {[%clk 0:13:12]} Ne3 {[%clk 0:16:38]} 44. Rcc1
{[%clk 0:09:53]} Nf1+ {[%clk 0:13:17]} 45. Kg2 {[%clk 0:10:01]} Nd2
{[%clk 0:13:40]} 46. Bxd2 {[%clk 0:08:45]} Rxd2+ {[%clk 0:14:08]} 47. Kf1
{[%clk 0:07:29]} Rf2+ {[%clk 0:09:14]} 48. Ke1 {[%clk 0:05:50]} Rg2
{[%clk 0:09:30]} 0-1

[Event "Marianske Lazne 2023"]
[Site "?"]
[Date "2023.01.17"]
[Round "5.18"]
[White "Kantorik, Marian"]
[Black "Nasshan, Dennis"]
[Result "1/2-1/2"]
[BlackElo "2320"]
[WhiteElo "2199"]
[LiveChessVersion "1.4.8"]

1. d4 {[%clk 1:26:18]} d5 {[%clk 1:30:55]} 2. c4 {[%clk 1:26:20]} c6
{[%clk 1:31:08]} 3. Nf3 {[%clk 1:26:31]} Nf6 {[%clk 1:31:26]} 4. Nc3
{[%clk 1:26:48]} e6 {[%clk 1:30:47]} 5. e3 {[%clk 1:27:09]} Nbd7 {[%clk 1:30:24]}
6. Qc2 {[%clk 1:27:32]} Bd6 {[%clk 1:29:33]} 7. b3 {[%clk 1:27:50]} O-O
{[%clk 1:29:29]} 8. Be2 {[%clk 1:28:15]} b6 {[%clk 1:25:46]} 9. Bb2
{[%clk 1:25:45]} Bb7 {[%clk 1:26:11]} 10. O-O {[%clk 1:21:45]} Qe7
{[%clk 1:26:19]} 11. e4 {[%clk 1:19:52]} Nxe4 {[%clk 1:25:48]} 12. Nxe4
{[%clk 1:20:16]} dxe4 {[%clk 1:26:14]} 13. Qxe4 {[%clk 1:20:22]} Nf6
{[%clk 1:23:46]} 14. Qh4 {[%clk 1:18:51]} Ba3 {[%clk 1:12:04]} 15. Bc3
{[%clk 1:18:17]} Bb4 {[%clk 1:11:41]} 16. Bb2 {[%clk 1:18:18]} Ba3
{[%clk 1:12:05]} 17. Bc3 {[%clk 1:18:37]} Bb4 {[%clk 1:11:01]} 18. Rac1
{[%clk 1:10:30]} Rfd8 {[%clk 1:04:49]} 19. Rfd1 {[%clk 1:05:19]} Bxc3
{[%clk 0:54:13]} 20. Rxc3 {[%clk 1:05:26]} c5 {[%clk 0:54:41]} 21. Rcd3
{[%clk 1:00:53]} Be4 {[%clk 0:50:45]} 22. R3d2 {[%clk 0:56:24]} cxd4
{[%clk 0:46:54]} 23. Nxd4 {[%clk 0:54:03]} 1/2-1/2

[Event "Marianske Lazne 2023"]
[Site "?"]
[Date "2023.01.17"]
[Round "5.19"]
[White "Mannion, Stephen R"]
[Black "Holtel, Jasper"]
[Result "1/2-1/2"]
[BlackElo "2357"]
[WhiteElo "2224"]
[LiveChessVersion "1.4.8"]

1. e4 {[%clk 1:30:56]} c5 {[%clk 1:30:45]} 2. Nf3 {[%clk 1:31:13]} d6
{[%clk 1:31:07]} 3. d4 {[%clk 1:31:27]} cxd4 {[%clk 1:31:23]} 4. Nxd4
{[%clk 1:31:52]} Nf6 {[%clk 1:31:46]} 5. Nc3 {[%clk 1:32:16]} a6 {[%clk 1:32:11]}
6. f3 {[%clk 1:32:36]} e5 {[%clk 1:32:33]} 7. Nb3 {[%clk 1:33:02]} Be6
{[%clk 1:32:51]} 8. Be3 {[%clk 1:33:24]} h5 {[%clk 1:33:12]} 9. Nd5
{[%clk 1:33:12]} Bxd5 {[%clk 1:33:02]} 10. exd5 {[%clk 1:33:37]} Nbd7
{[%clk 1:32:48]} 11. Qd2 {[%clk 1:33:57]} g6 {[%clk 1:31:45]} 12. O-O-O
{[%clk 1:34:11]} Nb6 {[%clk 1:27:28]} 13. Kb1 {[%clk 1:34:22]} Nfxd5
{[%clk 1:24:15]} 14. Bf2 {[%clk 1:34:37]} Nf6 {[%clk 1:20:53]} 15. Bh4
{[%clk 1:34:49]} Nbd7 {[%clk 1:10:54]} 16. Bd3 {[%clk 1:24:51]} Be7
{[%clk 1:06:59]} 17. Rhe1 {[%clk 1:13:13]} Kf8 {[%clk 0:54:10]} 18. f4
{[%clk 0:58:32]} Kg7 {[%clk 0:48:00]} 19. h3 {[%clk 0:48:05]} Rc8
{[%clk 0:41:57]} 20. fxe5 {[%clk 0:33:24]} Nxe5 {[%clk 0:33:29]} 21. Rf1
{[%clk 0:31:39]} Nh7 {[%clk 0:27:34]} 22. Bxe7 {[%clk 0:29:07]} Qxe7
{[%clk 0:27:55]} 23. Nd4 {[%clk 0:29:15]} Rhe8 {[%clk 0:25:59]} 24. Qf2
{[%clk 0:21:24]} Rc7 {[%clk 0:23:52]} 25. a3 {[%clk 0:19:44]} Ng5
{[%clk 0:20:50]} 26. Qg3 {[%clk 0:19:35]} Nxd3 {[%clk 0:18:46]} 27. cxd3
{[%clk 0:17:39]} Kh7 {[%clk 0:14:35]} 28. Rde1 {[%clk 0:12:45]} Ne6
{[%clk 0:14:56]} 29. Nf5 {[%clk 0:07:14]} Qd7 {[%clk 0:06:48]} 30. Nxd6
{[%clk 0:07:15]} Rf8 {[%clk 0:07:11]} 31. Nxf7 {[%clk 0:06:07]} Rxf7
{[%clk 0:07:03]} 32. Rxf7+ {[%clk 0:06:35]} Qxf7 {[%clk 0:07:17]} 33. Rxe6
{[%clk 0:06:59]} Rd7 {[%clk 0:06:32]} 34. Re3 {[%clk 0:05:51]} Qf1+
{[%clk 0:06:42]} 35. Ka2 {[%clk 0:05:52]} Qf7+ {[%clk 0:07:04]} 36. Kb1
{[%clk 0:06:14]} Qf1+ {[%clk 0:07:27]} 1/2-1/2

[Event "Marianske Lazne 2023"]
[Site "?"]
[Date "2023.01.17"]
[Round "5.20"]
[White "Jurek, Josef"]
[Black "Besou, Hussain"]
[Result "1/2-1/2"]
[BlackElo "2288"]
[WhiteElo "2230"]
[LiveChessVersion "1.4.8"]

1. Nf3 {[%clk 1:30:55]} d5 {[%clk 1:30:47]} 2. d4 {[%clk 1:31:06]} Nf6
{[%clk 1:29:43]} 3. c4 {[%clk 1:31:23]} e6 {[%clk 1:30:04]} 4. Bg5
{[%clk 1:31:37]} Be7 {[%clk 1:28:30]} 5. Nc3 {[%clk 1:31:10]} O-O
{[%clk 1:28:44]} 6. e3 {[%clk 1:31:10]} h6 {[%clk 1:27:26]} 7. Bh4
{[%clk 1:31:30]} b6 {[%clk 1:27:41]} 8. Be2 {[%clk 1:29:01]} dxc4
{[%clk 1:27:21]} 9. Bxc4 {[%clk 1:28:20]} Bb7 {[%clk 1:27:34]} 10. O-O
{[%clk 1:27:32]} Nbd7 {[%clk 1:27:13]} 11. Qe2 {[%clk 1:24:53]} Ne4
{[%clk 1:23:15]} 12. Nxe4 {[%clk 1:22:35]} Bxe4 {[%clk 1:19:49]} 13. Bg3
{[%clk 1:21:25]} Bd6 {[%clk 1:18:53]} 14. Rfd1 {[%clk 1:18:57]} Bxg3
{[%clk 1:17:05]} 15. hxg3 {[%clk 1:19:03]} Qe7 {[%clk 1:17:23]} 16. Rac1
{[%clk 1:13:01]} c5 {[%clk 1:17:10]} 17. Bb5 {[%clk 1:10:38]} Nf6
{[%clk 1:08:51]} 18. dxc5 {[%clk 1:08:58]} bxc5 {[%clk 1:09:13]} 19. Nd2
{[%clk 1:06:26]} Bd5 {[%clk 1:04:34]} 20. e4 {[%clk 1:03:26]} Bb7
{[%clk 1:04:08]} 21. e5 {[%clk 1:01:47]} Nd5 {[%clk 1:03:16]} 22. Ne4
{[%clk 0:58:52]} a6 {[%clk 0:59:26]} 23. Bd3 {[%clk 0:50:12]} Nb4
{[%clk 0:55:50]} 24. Bb1 {[%clk 0:49:23]} Bd5 {[%clk 0:52:14]} 25. a3
{[%clk 0:43:37]} Nc6 {[%clk 0:51:20]} 26. Nxc5 {[%clk 0:40:59]} Rfd8
{[%clk 0:49:05]} 27. b4 {[%clk 0:36:15]} Qg5 {[%clk 0:47:07]} 28. Re1
{[%clk 0:32:52]} h5 {[%clk 0:38:16]} 29. Qe3 {[%clk 0:31:12]} Qxe3
{[%clk 0:34:56]} 30. Rxe3 {[%clk 0:30:59]} Nd4 {[%clk 0:33:33]} 31. Be4
{[%clk 0:22:51]} a5 {[%clk 0:32:05]} 32. Bxd5 {[%clk 0:21:51]} Rxd5
{[%clk 0:32:27]} 33. Na4 {[%clk 0:16:49]} Rb5 {[%clk 0:30:40]} 34. Nc3
{[%clk 0:16:21]} Rb7 {[%clk 0:29:02]} 35. Ne2 {[%clk 0:12:02]} Nxe2+
{[%clk 0:28:23]} 36. Rxe2 {[%clk 0:12:23]} axb4 {[%clk 0:28:46]} 37. axb4
{[%clk 0:12:43]} Rxb4 {[%clk 0:29:08]} 38. Rce1 {[%clk 0:12:47]} Kh7
{[%clk 0:28:16]} 39. Re4 {[%clk 0:08:18]} Ra1 {[%clk 0:27:37]} 40. Kh2
{[%clk 0:06:33]} Rxe1 {[%clk 0:27:37]} 41. Rxe1 {[%clk 0:06:54]} Kg6
{[%clk 0:27:57]} 42. Re3 {[%clk 0:05:13]} Rb2 {[%clk 0:27:45]} 43. f3
{[%clk 0:04:49]} Kf5 {[%clk 0:26:47]} 44. Kh3 {[%clk 0:01:09]} Rb4
{[%clk 0:24:14]} 45. Ra3 {[%clk 0:26:29]} Rb1 {[%clk 0:52:31]} 46. Kh2
{[%clk 0:26:39]} Rb7 {[%clk 0:52:30]} 47. Ra4 {[%clk 0:26:50]} g5
{[%clk 0:52:34]} 48. Ra5 {[%clk 0:25:04]} Rd7 {[%clk 0:48:25]} 49. Ra8
{[%clk 0:23:53]} Kxe5 {[%clk 0:47:55]} 50. Rh8 {[%clk 0:24:05]} f5
{[%clk 0:48:15]} 51. Rxh5 {[%clk 0:23:48]} Rg7 {[%clk 0:48:33]} 52. Rh6
{[%clk 0:23:39]} Kd5 {[%clk 0:47:27]} 53. Rf6 {[%clk 0:23:26]} g4
{[%clk 0:47:01]} 54. f4 {[%clk 0:23:09]} Rc7 {[%clk 0:45:40]} 55. Rf8
{[%clk 0:23:06]} Ke4 {[%clk 0:45:25]} 56. Ra8 {[%clk 0:22:58]} Rc2
{[%clk 0:42:04]} 57. Ra3 {[%clk 0:21:05]} Re2 {[%clk 0:42:07]} 58. Ra6
{[%clk 0:19:51]} Kd5 {[%clk 0:41:45]} 1/2-1/2

[Event "Marianske Lazne 2023"]
[Site "?"]
[Date "2023.01.18"]
[Round "6.1"]
[White "Stalmach, Richard"]
[Black "Petr, Martin"]
[Result "1/2-1/2"]
[BlackElo "2508"]
[WhiteElo "2423"]
[LiveChessVersion "1.4.8"]

1. d4 {[%clk 1:30:57]} Nf6 {[%clk 1:30:48]} 2. c4 {[%clk 1:31:02]} g6
{[%clk 1:31:05]} 3. h3 {[%clk 1:28:00]} Bg7 {[%clk 1:29:20]} 4. Nf3
{[%clk 1:28:06]} O-O {[%clk 1:25:40]} 5. Nc3 {[%clk 1:28:19]} d5 {[%clk 1:26:05]}
6. cxd5 {[%clk 1:28:45]} Nxd5 {[%clk 1:26:10]} 7. e4 {[%clk 1:29:10]} Nxc3
{[%clk 1:25:42]} 8. bxc3 {[%clk 1:29:35]} c5 {[%clk 1:21:31]} 9. Be2
{[%clk 1:29:50]} b6 {[%clk 1:19:44]} 10. Be3 {[%clk 1:29:36]} Bb7
{[%clk 1:19:14]} 11. Qd3 {[%clk 1:29:43]} cxd4 {[%clk 1:12:59]} 12. cxd4
{[%clk 1:30:04]} Ba6 {[%clk 1:12:51]} 13. Qd2 {[%clk 1:30:12]} Bxe2
{[%clk 1:12:54]} 14. Qxe2 {[%clk 1:30:21]} Nc6 {[%clk 1:13:09]} 15. Rd1
{[%clk 1:29:58]} e6 {[%clk 1:07:01]} 16. O-O {[%clk 1:30:05]} Qd7
{[%clk 1:06:45]} 17. Rd2 {[%clk 1:25:10]} Rac8 {[%clk 1:03:22]} 18. Rfd1
{[%clk 1:23:29]} Na5 {[%clk 0:58:18]} 19. Bf4 {[%clk 1:10:55]} Nc4
{[%clk 0:55:39]} 20. Rc2 {[%clk 1:11:07]} b5 {[%clk 0:51:04]} 21. Nd2
{[%clk 1:04:23]} Na5 {[%clk 0:44:41]} 22. Nb3 {[%clk 0:58:38]} Nxb3
{[%clk 0:44:06]} 23. axb3 {[%clk 0:59:02]} Rxc2 {[%clk 0:44:32]} 24. Qxc2
{[%clk 0:59:26]} a5 {[%clk 0:39:13]} 25. Qc7 {[%clk 0:46:17]} Qxc7
{[%clk 0:37:15]} 26. Bxc7 {[%clk 0:46:44]} a4 {[%clk 0:21:43]} 27. bxa4
{[%clk 0:35:35]} bxa4 {[%clk 0:22:07]} 28. d5 {[%clk 0:35:41]} exd5
{[%clk 0:21:51]} 29. exd5 {[%clk 0:36:05]} a3 {[%clk 0:14:37]} 30. d6
{[%clk 0:36:14]} Be5 {[%clk 0:14:15]} 31. Bb6 {[%clk 0:36:26]} a2
{[%clk 0:14:16]} 32. d7 {[%clk 0:36:49]} a1=Q {[%clk 0:14:40]} 33. Rxa1
{[%clk 0:37:10]} Bxa1 {[%clk 0:15:04]} 34. d8=Q {[%clk 0:37:35]} Rxd8
{[%clk 0:15:30]} 35. Bxd8 {[%clk 0:38:00]} 1/2-1/2

[Event "Marianske Lazne 2023"]
[Site "?"]
[Date "2023.01.18"]
[Round "6.2"]
[White "Adithya, A Chullikkad"]
[Black "Gaehwiler, Gabriel"]
[Result "0-1"]
[BlackElo "2408"]
[WhiteElo "2196"]
[LiveChessVersion "1.4.8"]

1. e4 {[%clk 1:30:57]} e5 {[%clk 1:20:59]} 2. Nf3 {[%clk 1:30:58]} Nf6
{[%clk 1:20:51]} 3. d4 {[%clk 1:30:51]} Nxe4 {[%clk 1:20:20]} 4. Bd3
{[%clk 1:30:46]} d5 {[%clk 1:15:39]} 5. Nxe5 {[%clk 1:29:49]} Nd7
{[%clk 1:15:57]} 6. Nc3 {[%clk 1:29:14]} Nxe5 {[%clk 0:52:05]} 7. dxe5
{[%clk 1:28:44]} Nxc3 {[%clk 0:52:07]} 8. bxc3 {[%clk 1:28:51]} Bc5
{[%clk 0:52:28]} 9. O-O {[%clk 1:28:48]} O-O {[%clk 0:51:47]} 10. Rb1
{[%clk 1:26:03]} Qh4 {[%clk 0:42:33]} 11. Qf3 {[%clk 1:20:27]} c6
{[%clk 0:41:35]} 12. Be3 {[%clk 1:18:49]} Be7 {[%clk 0:39:03]} 13. Qf4
{[%clk 1:02:13]} Qxf4 {[%clk 0:31:36]} 14. Bxf4 {[%clk 1:02:29]} b6
{[%clk 0:31:59]} 15. c4 {[%clk 1:00:15]} dxc4 {[%clk 0:27:16]} 16. Bxc4
{[%clk 1:00:23]} Bf5 {[%clk 0:27:39]} 17. Bb3 {[%clk 0:58:18]} Rfd8
{[%clk 0:25:03]} 18. Rbd1 {[%clk 0:55:53]} Kf8 {[%clk 0:23:34]} 19. h3
{[%clk 0:52:04]} b5 {[%clk 0:15:15]} 20. g4 {[%clk 0:49:03]} Be4 {[%clk 0:12:51]}
21. f3 {[%clk 0:47:46]} Rxd1 {[%clk 0:12:08]} 22. Rxd1 {[%clk 0:47:41]} Bxf3
{[%clk 0:12:33]} 23. Rd7 {[%clk 0:45:23]} Rd8 {[%clk 0:11:57]} 24. Rxd8+
{[%clk 0:41:51]} Bxd8 {[%clk 0:12:26]} 25. c4 {[%clk 0:39:49]} bxc4
{[%clk 0:11:09]} 26. Bxc4 {[%clk 0:40:14]} Bd5 {[%clk 0:10:59]} 27. Bxd5
{[%clk 0:40:38]} cxd5 {[%clk 0:11:27]} 28. Kf2 {[%clk 0:40:26]} Ke8
{[%clk 0:11:01]} 29. Ke3 {[%clk 0:39:19]} Bb6+ {[%clk 0:11:12]} 30. Kd3
{[%clk 0:39:37]} Kd7 {[%clk 0:11:37]} 31. Kc3 {[%clk 0:32:12]} Ke6
{[%clk 0:10:54]} 32. Kd3 {[%clk 0:32:31]} Bc7 {[%clk 0:11:09]} 33. Kd4
{[%clk 0:30:42]} f6 {[%clk 0:11:18]} 34. exf6 {[%clk 0:31:05]} Bxf4
{[%clk 0:11:41]} 35. fxg7 {[%clk 0:31:18]} Be5+ {[%clk 0:12:00]} 0-1

[Event "Marianske Lazne 2023"]
[Site "?"]
[Date "2023.01.18"]
[Round "6.3"]
[White "Natsidis, Christoph"]
[Black "Stefansson, Hannes"]
[Result "1/2-1/2"]
[BlackElo "2526"]
[WhiteElo "2308"]
[LiveChessVersion "1.4.8"]

1. d4 {[%clk 1:27:25]} Nf6 {[%clk 1:30:48]} 2. c4 {[%clk 1:27:49]} e6
{[%clk 1:31:06]} 3. Nc3 {[%clk 1:28:13]} Bb4 {[%clk 1:31:20]} 4. Qc2
{[%clk 1:28:12]} O-O {[%clk 1:29:24]} 5. a3 {[%clk 1:28:33]} Bxc3+
{[%clk 1:29:36]} 6. Qxc3 {[%clk 1:28:57]} b6 {[%clk 1:29:31]} 7. Bg5
{[%clk 1:29:13]} Bb7 {[%clk 1:29:35]} 8. f3 {[%clk 1:29:24]} h6 {[%clk 1:28:46]}
9. Bh4 {[%clk 1:29:50]} d5 {[%clk 1:28:44]} 10. e3 {[%clk 1:30:10]} Nbd7
{[%clk 1:25:32]} 11. cxd5 {[%clk 1:30:26]} Nxd5 {[%clk 1:25:00]} 12. Bxd8
{[%clk 1:30:50]} Nxc3 {[%clk 1:25:21]} 13. Bh4 {[%clk 1:31:10]} Nd5
{[%clk 1:25:15]} 14. Bf2 {[%clk 1:31:36]} c5 {[%clk 1:18:36]} 15. e4
{[%clk 1:30:50]} Ne7 {[%clk 1:17:51]} 16. Ne2 {[%clk 1:30:57]} Rac8
{[%clk 1:15:51]} 17. Nc3 {[%clk 1:30:20]} cxd4 {[%clk 1:13:27]} 18. Bxd4
{[%clk 1:30:46]} Nc5 {[%clk 1:13:35]} 19. Rd1 {[%clk 1:30:34]} Rfd8
{[%clk 1:12:24]} 20. Be3 {[%clk 1:23:52]} Rxd1+ {[%clk 1:07:39]} 21. Kxd1
{[%clk 1:24:18]} Nc6 {[%clk 1:07:28]} 22. Bb5 {[%clk 1:06:35]} Nd4
{[%clk 1:03:30]} 23. Bxd4 {[%clk 0:58:10]} Rd8 {[%clk 1:03:50]} 1/2-1/2

[Event "Marianske Lazne 2023"]
[Site "?"]
[Date "2023.01.18"]
[Round "6.4"]
[White "Rasik, Vitezslav"]
[Black "Seemann, Jakub"]
[Result "0-1"]
[BlackElo "2389"]
[WhiteElo "2427"]
[LiveChessVersion "1.4.8"]

1. e4 {[%clk 1:30:56]} c5 {[%clk 1:30:54]} 2. Nf3 {[%clk 1:31:09]} Nc6
{[%clk 1:31:17]} 3. Bb5 {[%clk 1:30:39]} e6 {[%clk 1:31:33]} 4. O-O
{[%clk 1:27:46]} Nge7 {[%clk 1:31:34]} 5. Re1 {[%clk 1:26:11]} a6
{[%clk 1:25:09]} 6. Bf1 {[%clk 1:25:48]} d5 {[%clk 1:23:35]} 7. d3
{[%clk 1:22:16]} d4 {[%clk 1:15:06]} 8. e5 {[%clk 1:16:10]} Nd5 {[%clk 1:12:14]}
9. c4 {[%clk 1:13:11]} dxc3 {[%clk 1:10:32]} 10. bxc3 {[%clk 1:12:23]} b5
{[%clk 1:07:23]} 11. c4 {[%clk 1:08:24]} Nb6 {[%clk 1:06:10]} 12. Nc3
{[%clk 0:54:08]} Be7 {[%clk 0:47:12]} 13. cxb5 {[%clk 0:45:56]} Nd4
{[%clk 0:47:20]} 14. bxa6 {[%clk 0:42:21]} Bxa6 {[%clk 0:47:39]} 15. Nxd4
{[%clk 0:39:21]} Qxd4 {[%clk 0:45:19]} 16. Rb1 {[%clk 0:35:41]} Qxc3
{[%clk 0:43:31]} 17. Rxb6 {[%clk 0:32:21]} Qa5 {[%clk 0:35:51]} 18. Rb2
{[%clk 0:27:42]} O-O {[%clk 0:35:57]} 19. Bd2 {[%clk 0:23:55]} Qc7
{[%clk 0:36:20]} 20. Qg4 {[%clk 0:22:46]} Rfd8 {[%clk 0:36:20]} 21. Bh6
{[%clk 0:20:28]} g6 {[%clk 0:34:36]} 22. Re3 {[%clk 0:17:44]} Rd4
{[%clk 0:29:16]} 23. Qf3 {[%clk 0:15:39]} Rad8 {[%clk 0:29:20]} 24. Re4
{[%clk 0:15:13]} Rb4 {[%clk 0:26:29]} 25. Rbxb4 {[%clk 0:09:46]} cxb4
{[%clk 0:26:57]} 26. Qe3 {[%clk 0:09:22]} Rc8 {[%clk 0:14:38]} 27. Bg5
{[%clk 0:09:22]} Bxg5 {[%clk 0:14:42]} 28. Qxg5 {[%clk 0:09:47]} Qc1
{[%clk 0:14:48]} 29. Qe3 {[%clk 0:07:29]} Qa1 {[%clk 0:05:45]} 30. h3
{[%clk 0:05:19]} Rc1 {[%clk 0:05:29]} 31. Qb6 {[%clk 0:05:29]} Rxf1+ 32. Kh2 Kg7
{[%clk 0:04:03]} 33. Qxa6 {[%clk 0:04:03]} b3 {[%clk 0:01:21]} 34. Qb6
{[%clk 0:02:17]} bxa2 {[%clk 0:01:29]} 35. Re2 {[%clk 0:01:59]} Qc1
{[%clk 0:01:03]} 36. g3 {[%clk 0:00:39]} a1=Q {[%clk 0:01:06]} 37. Qd8
{[%clk 0:01:00]} Rh1+ {[%clk 0:01:30]} 38. Kg2 {[%clk 0:01:26]} Qf1+
{[%clk 0:01:46]} 39. Kf3 {[%clk 0:01:50]} Qxe2+ {[%clk 0:02:09]} 0-1

[Event "Marianske Lazne 2023"]
[Site "?"]
[Date "2023.01.18"]
[Round "6.5"]
[White "Kusa, Jakub"]
[Black "Chen, Qi b"]
[Result "1/2-1/2"]
[BlackElo "2484"]
[WhiteElo "2359"]
[LiveChessVersion "1.4.8"]

1. d4 {[%clk 1:30:56]} Nf6 {[%clk 1:30:52]} 2. c4 {[%clk 1:31:19]} e6
{[%clk 1:31:09]} 3. Nf3 {[%clk 1:31:41]} d5 {[%clk 1:31:11]} 4. g3
{[%clk 1:31:49]} Be7 {[%clk 1:31:24]} 5. Bg2 {[%clk 1:32:08]} O-O
{[%clk 1:31:46]} 6. O-O {[%clk 1:32:15]} dxc4 {[%clk 1:32:05]} 7. Qc2
{[%clk 1:31:57]} b5 {[%clk 1:32:10]} 8. a4 {[%clk 1:31:44]} b4 {[%clk 1:32:36]}
9. Nbd2 {[%clk 1:29:31]} Bb7 {[%clk 1:32:43]} 10. Nxc4 {[%clk 1:27:25]} c5
{[%clk 1:33:03]} 11. dxc5 {[%clk 1:22:45]} Be4 {[%clk 1:31:53]} 12. Qd1
{[%clk 1:08:29]} Nbd7 {[%clk 1:29:53]} 13. Nfe5 {[%clk 1:03:20]} Nxe5
{[%clk 1:09:45]} 14. Nxe5 {[%clk 1:01:58]} Bxg2 {[%clk 0:59:30]} 15. Kxg2
{[%clk 0:59:49]} Bxc5 {[%clk 0:57:51]} 16. Bg5 {[%clk 0:49:25]} Qd4
{[%clk 0:37:42]} 17. Qxd4 {[%clk 0:44:10]} Bxd4 {[%clk 0:38:08]} 18. Bxf6
{[%clk 0:43:48]} gxf6 {[%clk 0:38:32]} 19. Nc4 {[%clk 0:38:54]} Rfd8
{[%clk 0:34:00]} 20. Rfd1 {[%clk 0:35:54]} Rac8 {[%clk 0:31:49]} 21. Rac1
{[%clk 0:34:07]} f5 {[%clk 0:32:01]} 22. e3 {[%clk 0:25:39]} Bf6 {[%clk 0:32:15]}
23. b3 {[%clk 0:25:39]} Rd5 {[%clk 0:29:37]} 24. Kf3 {[%clk 0:25:03]} Kf8
{[%clk 0:27:42]} 25. Ke2 {[%clk 0:25:13]} h5 {[%clk 0:26:57]} 26. Rd3
{[%clk 0:24:20]} Ke7 {[%clk 0:24:40]} 27. Rcd1 {[%clk 0:23:30]} Rcc5
{[%clk 0:21:56]} 28. Kf3 {[%clk 0:19:45]} Bg7 {[%clk 0:21:53]} 29. Ke2
{[%clk 0:18:26]} Bf6 {[%clk 0:22:19]} 30. f4 {[%clk 0:17:03]} Kd7
{[%clk 0:18:20]} 31. Kf3 {[%clk 0:12:33]} Kc6 {[%clk 0:18:41]} 32. e4
{[%clk 0:11:44]} fxe4+ {[%clk 0:18:52]} 33. Kxe4 {[%clk 0:12:12]} Bg7
{[%clk 0:17:17]} 34. h3 {[%clk 0:10:29]} f5+ {[%clk 0:13:00]} 35. Kf3
{[%clk 0:09:14]} Bf6 {[%clk 0:13:24]} 36. Ke2 {[%clk 0:07:08]} Kd7
{[%clk 0:08:50]} 37. Ne3 {[%clk 0:06:30]} Rxd3 {[%clk 0:09:16]} 38. Rxd3+
{[%clk 0:06:57]} Ke7 {[%clk 0:09:21]} 39. Nc4 {[%clk 0:07:07]} e5
{[%clk 0:03:55]} 40. fxe5 {[%clk 0:05:22]} Bxe5 {[%clk 0:04:20]} 41. Kf3
{[%clk 0:04:33]} Bc7 {[%clk 0:29:34]} 42. Rd4 {[%clk 0:26:19]} Ke6
{[%clk 0:29:27]} 43. Rd3 {[%clk 0:21:39]} 1/2-1/2

[Event "Marianske Lazne 2023"]
[Site "?"]
[Date "2023.01.18"]
[Round "6.6"]
[White "Lalic, Bogdan"]
[Black "Can, Isik"]
[Result "1/2-1/2"]
[BlackElo "2488"]
[WhiteElo "2392"]
[LiveChessVersion "1.4.8"]

1. d4 {[%clk 1:29:57]} d5 {[%clk 1:30:53]} 2. c4 {[%clk 1:29:52]} c6
{[%clk 1:31:19]} 3. Nc3 {[%clk 1:30:12]} dxc4 {[%clk 1:31:44]} 4. e3
{[%clk 1:30:31]} b5 {[%clk 1:32:06]} 5. a4 {[%clk 1:30:49]} b4 {[%clk 1:32:30]}
6. Ne4 {[%clk 1:31:06]} Qd5 {[%clk 1:32:55]} 7. Nd2 {[%clk 1:31:17]} c3
{[%clk 1:33:20]} 8. bxc3 {[%clk 1:31:41]} bxc3 {[%clk 1:33:45]} 9. Nb1
{[%clk 1:32:03]} Qa5 {[%clk 1:34:07]} 10. Qc2 {[%clk 1:32:20]} Na6
{[%clk 1:33:53]} 11. Qxc3 {[%clk 1:32:43]} Nb4 {[%clk 1:32:51]} 12. Bd2
{[%clk 1:33:05]} e6 {[%clk 1:33:13]} 13. Nf3 {[%clk 1:32:53]} Nf6
{[%clk 1:29:41]} 14. Bc4 {[%clk 1:33:10]} Bd6 {[%clk 1:20:33]} 15. O-O
{[%clk 1:33:22]} O-O {[%clk 1:20:02]} 16. Rc1 {[%clk 1:33:24]} Qf5
{[%clk 1:18:42]} 17. Be1 {[%clk 1:31:46]} a5 {[%clk 0:59:26]} 18. Nbd2
{[%clk 1:31:35]} Bb7 {[%clk 0:53:33]} 1/2-1/2